00593nam a2200181 4500001000700000003000900007005001700016007000300033008004100036245012000077260006400197300002200261490001700283700003500300710002700335830001700362852003200379148638ES-MaACL20230906202735.0t|070214s1956 xxu r ||||1| eng d00aStudies in the quantity theory of money / cedited by Milton Friedman ; with essays by Milton Friedman... [et al.]. aChicago [etc.] : bThe University of Chicago Press, c1956. a265 p. ; c23 cm.1 aPhoenix Book0 aFriedman, Milton (d1912-2006)2 aUniversity of Chicago.0 aPhoenix Book aES-MaACLjL-9263 bR.111096